[Event "12th Asrian Memorial 2019"]
[Site "Yerevan"]
[Date "2019.06.19"]
[Round "9.7"]
[White "Gholami Orimi, Mahdi"]
[Black "Harutyunian, Tigran K."]
[Result "1/2-1/2"]
[WhiteElo "2445"]
[BlackElo "2552"]
[Annotator "TA"]
[PlyCount "119"]
[EventDate "2019.06.11"]
[EventType "swiss"]
[EventCountry "ARM"]
[SourceTitle "playchess.com"]
[Source "ChessBase"]
[SourceQuality "1"]

{[%evp 19,119,43,33,15,33,21,34,41,48,52,56,63,96,93,144,137,148,152,154,131,233,160,143,102,259,254,253,256,248,225,237,231,227,226,212,172,177,179,273,259,262,179,483,314,272,262,626,197,189,125,126,89,222,122,126,0,0,0,0,0,0,-10,149,0,0,0,0,0,8,0,0,0,0,0,23,0,0,0,0,-6,-7,-8,-9,-26,-26,-26,-4,-26,-26,-26,-26,-63,-63,-63,-63,-63,-63,-63,-63,-63,-63,-63]} 1. d4 Nf6 2. c4 e6 3. Nc3 Bb4 4. Qc2 d6 5. Nf3 Nbd7 6. e3 b6 7. Bd3 Bb7 8. e4 Bxc3+ 9. bxc3 e5 10. O-O O-O 11. Nh4 {E43: Nimzo-Indian: Rubinstein: 4...b6} (11. Re1 Re8 12. Nd2 Nf8 13. f3 h5 14. Nf1 Ne6 15. Qf2 Nd7 16. Ng3 Qh4 17. Be3 Ndf8 18. Qd2 g6 19. Ne2 Qe7 {1-0 (47) Maze,S (2562)-Ikonnikov,V (2525) Germany 2012}) 11... Re8 12. f3 exd4 13. cxd4 {White is slightly better.} Nxe4 $1 14. Nf5 $146 ({Predecessor:} 14. fxe4 Qxh4 15. Rf4 Qe7 16. Bb2 g6 17. Raf1 f6 18. c5 dxc5 {1-0 (27) Corzo,A (2227)-Hernandez Carmenates,H (2327) Santa Clara 1999}) 14... Nef6 15. Bg5 Nf8 16. Rae1 Rxe1 (16... Ne6 $142) 17. Rxe1 $16 Ne6 18. Bh4 d5 19. c5 a5 (19... bxc5 $16 20. dxc5 Bc6) 20. Qf2 bxc5 21. dxc5 d4 $2 (21... Ba6 $16 {was worth a try.} 22. Bxa6 Rxa6) 22. Qg3 $18 Nh5 23. Qe5 (23. Bxd8 Nxg3 24. Ne7+ Kf8 $15) 23... Nf6 24. Bc4 {[%mdl 1024] Hoping for Nh6+! White has strong compensation.} d3 25. Rd1 (25. Bxe6 $6 fxe6 26. Qxe6+ Kh8 $14) 25... d2 26. c6 Bc8 27. Qc3 Qf8 {[#] aiming for ...Qc5+.} 28. Nxg7 $1 {[%mdl 512]} Nxg7 (28... Qc5+ {keeps fighting.} 29. Bf2 Qg5) 29. Bxf6 (29. Qxf6 $6 Be6 $16) 29... Be6 {White should prevent ...Qc5+.} 30. Bd3 (30. Rxd2 $6 Bxc4 31. Qxc4 Qb4 $16) 30... Nf5 $2 (30... Ne8) 31. Rxd2 Qb4 32. Qc1 Qb6+ $2 (32... Qf4 33. Qe1 a4) 33. Kh1 $2 (33. Kf1 Ne3+ 34. Ke2 (34. Ke1 Qb4 $18)) 33... Qe3 34. Be4 (34. Bc3 $18 Re8 35. Qb1 (35. Bxa5 Bxa2 36. Be4 Bd5 $16)) 34... Re8 $16 35. Qd1 Nd6 (35... Qh6 $16 36. Be5 Bd5) 36. Rd3 (36. h3 $1 $18) 36... Qf4 37. Qa1 (37. Bb2 $16) 37... Bc4 $1 $11 38. Rd1 Nxe4 39. fxe4 Qxe4 40. Qc1 Bxa2 $2 {[#]} ({Better is} 40... h6 $11) 41. Qg5+ (41. Qh6 $2 {[#] is a self mate.} Qe1+ $1 {[%mdl 512]} 42. Rxe1 Rxe1#) ({Only move:} 41. h3 $1 $16) 41... Qg6 42. Qe5 {[%cal Re5e8]} Be6 43. h4 Qf5 $132 {[%mdl 2048] Black is not keeping still} 44. Qc3 h5 45. Rd3 {Rg3+ is the strong threat.} Qf1+ 46. Kh2 {And now Rf3 would win.} Bg4 47. Bg5 {Black must now prevent Bh6.} Qe1 48. Qxe1 Rxe1 {[%mdl 4096] Endgame KRB-KRB} 49. Rd7 f6 50. Bxf6 Re6 51. Bd8 Rxc6 52. Rxc7 Rd6 (52... Rxc7 {feels hotter.} 53. Bxc7 a4 54. Kg3 Kf7 55. Kf4 Ke6) 53. Be7 (53. Bg5 {is more complex.} Ra6 54. Bc1 Kf8 55. Kg3 a4 56. Ba3+) 53... Rd7 54. Rxd7 Bxd7 {KB-KB} 55. Bf6 Kf7 {Black is slightly better.} 56. Bh8 Ke6 57. Kg3 Kd5 58. Kf4 Kc4 59. Ke3 $1 Kb3 60. Kd2 {Accuracy: White = 57%, Black = 50%.} 1/2-1/2

[Event "12th Asrian Memorial 2019"]
[Site "Yerevan"]
[Date "2019.06.19"]
[Round "9.8"]
[White "Davtyan, Artur"]
[Black "Vaganian, Rafael A"]
[Result "0-1"]
[WhiteElo "2431"]
[BlackElo "2526"]
[Annotator "TA"]
[PlyCount "62"]
[EventDate "2019.06.11"]
[EventType "swiss"]
[EventCountry "ARM"]
[SourceTitle "playchess.com"]
[Source "ChessBase"]
[SourceQuality "1"]

{[%evp 17,98,22,22,0,6,0,0,-14,-11,-54,-67,-80,-70,-73,-72,-75,-20,-40,-29,-79,-77,-79,-69,-97,-116,-115,-108,-95,-64,-152,-175,-180,-164,-605,-468,-593,-176,-168,-159,-150,-85,-117,-107,-220,-208,-215,-185,-243,-193,-233,-196,-190,-221,-217,-112,-891,-180,-366,-370,-483,-484,-466,-456,-466,-447,-925,-868,-29972,-29972,-29958,-6403,-29983,-29980,-29980,-29981,-29990,-29991,-29991,-29989,-29989,-29986,-29982,-1763]} 1. e4 e6 2. d4 d5 3. Nc3 Nf6 4. e5 Nfd7 5. f4 c5 6. Nf3 Nc6 7. Be3 a6 8. Qd2 cxd4 9. Nxd4 Bc5 10. Rd1 {C11: French: Classical System: 4 e5 and 4 Bg5 dxe4} (10. O-O-O Nxd4 11. Bxd4 Qc7 12. Qe3 b5 13. Bd3 b4 14. Ne2 a5 15. Bb5 O-O 16. Bxd7 Bxd4 17. Nxd4 Bxd7 18. h4 a4 19. Kb1 {0-1 (48) Bosiocic,M (2614)-Nisipeanu,L (2670) Skopje 2019}) 10... O-O 11. Be2 Qc7 12. a4 {The position is equal.} Qb6 13. b3 $146 ({Predecessor:} 13. O-O f6 14. exf6 Nxf6 15. Kh1 Bd7 16. Bg1 Rad8 17. Nb3 Bxg1 18. Rxg1 d4 19. a5 dxc3 {0-1 (19) Kolaric,S (1836)-Rozic,V (2252) Ljubljana 2006}) 13... Bb4 14. Nxc6 $1 (14. Nxe6 $2 Qa5 $19) 14... Qxc6 15. Bd4 Nc5 $1 {[%cal Rc5e4]} 16. Bf3 b5 (16... Ne4 $17 17. Bxe4 dxe4) 17. O-O $1 $11 Ne4 $1 {[%cal Re4d2]} 18. Bxe4 dxe4 19. axb5 axb5 {[%cal Ba6b5,Bb5b4][%mdl 32] Strongly threatening ...Bb7.} 20. Qe3 Bb7 21. Rf2 Rfd8 {White must now prevent ...Bxc3.} 22. Nb1 Bf8 23. c3 (23. Nc3 $15) 23... b4 $1 $17 24. Rff1 h6 25. c4 $2 (25. cxb4 Ba6 26. Rc1) 25... Rd7 26. Bb6 {[#]} Rd3 $2 (26... Rad8 $1 {[%mdl 512]} 27. Rxd7 (27. Bxd8 $2 {is the wrong capture.} Bc5 $19) 27... Rxd7) 27. Rxd3 $19 exd3 {[%csl Gb7][%cal Rc6g2]} 28. Qf2 Qe4 (28... Be7 $142 29. Be3 f5 30. exf6 Bxf6) 29. Nd2 Qf5 30. Bd4 (30. Qh4 $17 {was necessary.}) 30... Ra2 31. h3 h5 {Played: Qf5-g6} 0-1

[Event "12th Asrian Memorial 2019"]
[Site "Yerevan"]
[Date "2019.06.19"]
[Round "9.9"]
[White "Babujian, Levon"]
[Black "Gharibyan, Mamikon"]
[Result "1/2-1/2"]
[WhiteElo "2485"]
[BlackElo "2320"]
[Annotator "TA"]
[PlyCount "239"]
[EventDate "2019.06.11"]
[EventType "swiss"]
[EventCountry "ARM"]
[SourceTitle "playchess.com"]
[Source "ChessBase"]
[SourceQuality "1"]

{[%evp 9,239,21,21,20,32,30,29,29,23,22,33,1,27,12,35,14,14,15,5,3,8,0,0,0,6,0,14,11,24,12,16,0,0,0,0,0,11,10,8,-14,-18,-13,-14,-15,-12,-22,-18,-59,0,-19,0,-2,-3,-50,30,27,36,39,23,36,16,27,20,23,49,0,0,0,0,0,32,47,40,31,58,34,54,13,13,13,13,13,36,4,4,2,2,0,0,0,0,0,0,0,0,0,0,0,0,0,8,8,8,8,8,0,0,0,0,0,0,0,0,0,0,0,0,0,0,0,0,0,0,0,0,0,0,0,0,0,0,0,0,0,0,0,0,0,0,0,0,0,0,0,0,0,0,0,0,0,0,0,0,0,0,0,0,0,0,0,0,0,0,0,0,0,0,0,0,0,0,0,0,0,0,0,0,0,0,0,0,0,0,0,0,0,0,0,0,0,0,0,0,0,0,0,0,0,0,0,0,0,0,0,0,0,0,0,0,0,0,0,0,0,0,0,0,0,0,0,0,0,0,0,0,0,0,0,0,0,0,0]} 1. d4 Nf6 2. c4 e6 3. Nf3 d5 4. Nc3 a6 5. cxd5 exd5 6. Bg5 {D37: Queen's Gambit Declined: 5 Bf4} Be6 7. e3 Nbd7 8. Bd3 {White has an edge.} Bd6 (8... h6 9. Bf4 g5 10. Bg3 Nh5 11. Be5 Nhf6 12. Bg3 Nh5 13. Ne2 Nxg3 14. Nxg3 {1-0 (61) Leko,P (2679)-Caruana,F (2832) Germany 2019}) 9. Qc2 c6 10. Bh4 Bg4 $146 ({Predecessor:} 10... h6 11. Bg3 Qb8 12. Bxd6 Qxd6 13. O-O O-O {½-½ (33) Saric,I (2559)-Livaic,L (2474) Zadar 2018}) 11. Nd2 Bh5 12. e4 dxe4 13. Ndxe4 Be7 14. O-O O-O 15. Rfe1 Bg6 16. Qb3 Qb6 17. Qxb6 Nxb6 18. Bxf6 Bxf6 19. Nxf6+ gxf6 20. Ne4 Rad8 21. Bf1 Rxd4 22. Nc5 Rb8 23. Re7 Rb4 24. b3 Nd5 25. Rd7 Bf5 26. Rd6 $1 Kf8 27. a3 Rd4 28. Re1 a5 (28... Re8 $15 29. Rc1 (29. Rxe8+ Kxe8 30. Nxb7 Rd1 $17) 29... Bc8) 29. f3 {[#] aiming for g4.} b6 30. Ne4 $132 {[%mdl 2048] White has counterplay} c5 31. Bc4 Be6 (31... Bxe4 $15 32. Rxe4 Rd1+ 33. Kf2 Nc3 34. Rxd1 Nxd1+ 35. Kg3 b5) 32. Bxd5 $1 $11 Rxd5 33. Rxd5 Bxd5 34. Nxf6 {[%mdl 4160] [#] Endgame Hoping for Nd7+. Double Attack. KRB-KRN} Bc6 $1 35. Nxh7+ Kg7 36. Ng5 Rd8 37. Re3 Rd2 38. Ne4 Rb2 39. Rd3 a4 40. bxa4 Bxa4 41. Rd6 Bc2 42. Ng5 c4 43. h4 c3 44. Rc6 Rb3 45. h5 {Black must now prevent h6+.} Bf5 46. h6+ Kg8 {The position is equal.} 47. Kf2 {g4 is the strong threat.} c2 48. Ne4 Bxe4 49. fxe4 {KR-KR} Kh7 50. Rxc2 Kxh6 51. Rc7 Kg6 52. Ra7 Kf6 53. g3 Ke6 54. Kg2 f5 55. exf5+ Kxf5 56. a4 Rb4 57. Ra8 Kg4 58. Kf2 Rb3 59. Rg8+ Kf5 60. Rf8+ Kg5 61. Ke2 Ra3 62. Ra8 Kf5 63. Kf2 Kg4 64. Rg8+ Kf5 65. Rf8+ Kg5 66. Ra8 Kg4 67. Ra7 Kf5 68. Ra6 Kg4 69. Ke2 Kxg3 70. Kd2 Rb3 71. Kc2 Rb4 72. Kc3 Rb1 73. Ra8 Kf4 74. Re8 Kf5 75. Kc4 Ra1 76. Kb5 Rb1+ 77. Kc4 Ra1 78. Kb3 Rb1+ 79. Ka2 Rb4 80. Ka3 Rb1 (80... Rg4 {seems wilder.} 81. Rf8+ Ke6 82. Rf2 Kd6 83. Rb2 Rg3+) 81. Re2 Kf6 82. Re4 Kf7 83. Ka2 (83. a5 {seems wilder.} bxa5 84. Ka2 Rg1 85. Kb3 Rf1 86. Ka4) 83... Rd1 (83... Rf1 {keeps more tension.} 84. Kb2 Rf6 85. Rb4 Re6 86. Kc3 Rc6+) 84. Kb3 Rb1+ 85. Kc4 (85. Ka2 {is interesting.}) 85... Ra1 86. Kd5 Rb1 87. Kc6 Rb2 88. Kb7 Rb1 89. Kc7 Rb2 90. Rd4 Rb3 91. Rd7+ Ke8 {And now ...Rc3+ would win.} 92. Kc8 (92. Rd1 {with more complications.} Rb4 93. Re1+ Kf7 94. Ra1 Ke7 95. Kb7) 92... Ra3 (92... Rb1 {is more complex.} 93. Rb7 Rb4 94. Kc7 Kf7 95. Kc6+ Ke8) 93. Rd4 Rb3 94. Kc7 Rb2 95. Re4+ Kf7 96. Kd6 Rb1 97. Rf4+ Ke8 98. Rh4 Kf7 99. Rh7+ Kg6 100. Rh4 Kf7 101. Rc4 Rb2 102. Kc7 Ke7 103. Rd4 Rb1 104. Re4+ Kf7 105. Kd6 Rb2 106. Kd7 Rd2+ 107. Kc6 Rb2 108. Kd5 Rb1 109. Kc4 Ra1 110. Kb4 Rb1+ 111. Kc3 Rc1+ 112. Kb2 Rc6 113. Ka3 Re6 114. Rc4 Ke7 115. Kb4 Re1 116. Kb5 Rb1+ 117. Kc6 Rb2 118. Kc7 Rb1 119. Rh4 Rb3 120. Rh7+ {Accuracy: White = 71%, Black = 74%.} 1/2-1/2

[Event "12th Asrian Memorial 2019"]
[Site "Yerevan"]
[Date "2019.06.19"]
[Round "9.10"]
[White "Kulaots, Kaido"]
[Black "Akopov, Roman"]
[Result "1-0"]
[WhiteElo "2574"]
[BlackElo "2264"]
[Annotator "TA"]
[PlyCount "59"]
[EventDate "2019.06.11"]
[EventType "swiss"]
[EventCountry "ARM"]
[SourceTitle "playchess.com"]
[Source "ChessBase"]
[SourceQuality "1"]

{[%evp 20,59,23,14,38,45,51,57,59,42,87,45,85,87,99,101,233,217,267,271,289,227,215,207,210,200,230,211,296,291,310,258,29991,29992,29992,2260,29984,29985,29985,29986,29984,29985]} 1. e4 e5 2. Nf3 Nc6 3. Bb5 a6 4. Ba4 Nf6 5. O-O Be7 6. d3 d6 7. c3 O-O 8. Re1 Re8 9. Nbd2 {[%cal Bb1d2,Bd2f1,Bf1g3][%mdl 32]} Bf8 10. Nf1 h6 11. h3 g6 {C84: Closed Ruy Lopez: Unusual White 6th moves} (11... b5 12. Bc2 d5 13. exd5 Nxd5 14. a4 b4 15. Bd2 a5 16. Ng3 g6 17. Bb3 Be6 18. Bc4 Bg7 19. Ne4 bxc3 20. bxc3 {1-0 (46) Gharamian,T (2614)-Gozzoli,Y (2596) Nimes 2018}) 12. Ng3 b5 13. Bc2 Bb7 {White is slightly better.} 14. Bd2 d5 15. Qc1 $146 ({Predecessor:} 15. h4 Bg7 16. h5 dxe4 17. dxe4 Nxh5 18. Nxh5 gxh5 19. g3 {½-½ (66) Kharchenko,B (2448)-Demkovich,A (2392) Alushta 2010}) 15... Kh7 16. exd5 Nxd5 17. h4 f5 {[#]} (17... Bc8 $16 {might work better.}) 18. h5 $1 $18 {[%cal Rh5g6]} Bc8 19. hxg6+ Kxg6 20. a4 {axb5 is the strong threat.} Rb8 21. b4 Bg7 22. Bb3 Be6 23. Qc2 ({Don't do} 23. axb5 axb5 24. Qb1 Kf7) 23... Qf6 (23... Kh7 $142 24. axb5 axb5) 24. axb5 axb5 25. Nxf5 Kxf5 $2 (25... Bxf5 $18 26. Bxd5 Kh7) 26. d4+ Kg4 27. Qd1 (27. Rxe5 $142 Nf4 28. Bxf4 Nxe5 29. Nxe5+ Qxe5 30. Qg6+ {[%mdl 64] Double Attack} Kxf4 31. Bc2 Qe1+ 32. Rxe1 Bg4 33. Re4+ Rxe4 34. g3+ Kf3 35. Qxe4#) 27... Nf4 28. Bxe6+ {White mates.} Qxe6 29. Nxe5+ {[%mdl 64] [#] Discovered Attack (Double check)} Kg5 30. Bxf4+ {Accuracy: White = 50%, Black = 23%.} 1-0

[Event "12th Asrian Memorial 2019"]
[Site "Yerevan"]
[Date "2019.06.19"]
[Round "9.11"]
[White "Mnatsakanian, Arsen"]
[Black "Sargsyan, Tigran R."]
[Result "0-1"]
[WhiteElo "2255"]
[BlackElo "2367"]
[Annotator "NA"]
[PlyCount "74"]
[EventDate "2019.06.11"]
[EventType "swiss"]
[EventCountry "ARM"]
[SourceTitle "playchess.com"]
[Source "ChessBase"]
[SourceQuality "1"]
[TimeControl "40/5400+30:1800+30"]

1. e4 {[%emt 0:00:44]} e6 {[%emt 0:00:00]} 2. d4 {[%emt 0:00:03]} d5 {[%emt 0:00:00]} 3. e5 {[%emt 0:00:01]} c5 {[%emt 0:00:00]} 4. c3 {[%emt 0:00:02]} Nc6 {[%emt 0:00:02]} 5. a3 {[%emt 0:00:04]} Qb6 {[%emt 0:00:08]} 6. Nf3 {[%emt 0:00:17]} Bd7 {[%emt 0:00:12]} 7. Be2 {[%emt 0:06:33]} Rc8 {[%emt 0:08:25]} 8. O-O {[%emt 0:00:14]} cxd4 {[%emt 0:01:47]} 9. cxd4 {[%emt 0:00:05]} Na5 {[%emt 0:01:30]} 10. Nbd2 {[%emt 0:01:58]} Ne7 {[%emt 0:08:58]} 11. b4 {[%emt 0:02:25]} Nc4 {[%emt 0:02:32]} 12. Qb3 {[%emt 0:02:11]} Qa6 {[%emt 0:02:18]} 13. Bd3 {[%emt 0:02:35]} Ba4 {[%emt 0:03:29]} 14. Qb1 {[%emt 0:00:38]} b5 {[%emt 0:05:36]} 15. h4 {[%emt 0:01:46]} Qb6 {[%emt 0:04:36]} 16. h5 {[%emt 0:12:22]} Nc6 {[%emt 0:02:31]} 17. Bxh7 {[%emt 0:07:21]} Nxd4 {[%emt 0:00:53]} 18. Ng5 {[%emt 0:08:32]} Ne2+ {[%emt 0:10:15]} 19. Kh1 {[%emt 0:00:09]} Nxe5 {[%emt 0:05:18]} 20. Bb2 {[%emt 0:00:27]} Ng4 {[%emt 0:01:57]} 21. Qe1 {[%emt 0:09:14]} Nf4 {[%emt 0:03:33]} 22. Rc1 {[%emt 0:08:46]} Rd8 {[%emt 0:02:34]} 23. h6 {[%emt 0:06:14]} Rxh7 {[%emt 0:05:54]} 24. Nxh7 {[%emt 0:00:04]} e5 {[%emt 0:00:39]} 25. Nf3 {[%emt 0:00:02]} Qxh6+ {[%emt 0:01:44]} 26. Kg1 {[%emt 0:00:03]} Qxh7 {[%emt 0:02:36]} 27. Bxe5 {[%emt 0:02:57]} Nd3 {[%emt 0:01:56]} 28. Qc3 {[%emt 0:08:46]} Ndxe5 {[%emt 0:00:25]} 29. Rfe1 {[%emt 0:00:06]} f6 {[%emt 0:02:37]} 30. Nxe5 {[%emt 0:04:35]} Qh2+ {[%emt 0:01:37]} 31. Kf1 {[%emt 0:00:03]} Nxe5 {[%emt 0:00:24]} 32. Qd4 {[%emt 0:01:13]} Bb3 {[%emt 0:01:10]} 33. f4 {[%emt 0:00:19]} Bc4+ {[%emt 0:01:45]} 34. Kf2 {[%emt 0:00:04]} Qh4+ {[%emt 0:00:57]} 35. Kg1 {[%emt 0:00:12]} Be7 {[%emt 0:00:53]} 36. Re3 {[%emt 0:00:09]} Nc6 {[%emt 0:02:13]} 37. Qc5 {[%emt 0:01:20]} Kd7 {[%emt 0:00:21]} 0-1

[Event "12th Asrian Memorial 2019"]
[Site "Yerevan"]
[Date "2019.06.19"]
[Round "9.12"]
[White "Hoghmrtsyan, Artur"]
[Black "Ghukasyan, Siranush"]
[Result "0-1"]
[WhiteElo "2309"]
[BlackElo "2255"]
[Annotator "NA"]
[PlyCount "78"]
[EventDate "2019.06.11"]
[EventType "swiss"]
[EventCountry "ARM"]
[SourceTitle "playchess.com"]
[Source "ChessBase"]
[SourceQuality "1"]
[TimeControl "40/5400+30:1800+30"]

1. e4 {[%emt 0:00:00]} e5 {[%emt 0:00:00]} 2. Nf3 {[%emt 0:00:00]} Nc6 {[%emt 0:00:00]} 3. Bc4 {[%emt 0:00:06]} Bc5 {[%emt 0:00:00]} 4. d3 {[%emt 0:00:29]} Nf6 {[%emt 0:00:00]} 5. Bg5 {[%emt 0:02:27]} h6 {[%emt 0:01:26]} 6. Bh4 {[%emt 0:00:07]} g5 {[%emt 0:01:07]} 7. Bg3 {[%emt 0:00:05]} d6 {[%emt 0:00:16]} 8. c3 {[%emt 0:01:47]} O-O {[%emt 0:06:41]} 9. a4 {[%emt 0:11:25]} a5 {[%emt 0:00:28]} 10. Na3 {[%emt 0:08:41]} Ne7 {[%emt 0:02:45]} 11. Nc2 {[%emt 0:03:16]} Ba7 {[%emt 0:04:11]} 12. O-O {[%emt 0:01:37]} Ng6 {[%emt 0:00:11]} 13. Re1 {[%emt 0:05:15]} Nh7 {[%emt 0:29:02]} 14. h3 {[%emt 0:10:45]} h5 {[%emt 0:10:58]} 15. d4 {[%emt 0:02:01]} g4 {[%emt 0:03:53]} 16. hxg4 {[%emt 0:00:16]} hxg4 {[%emt 0:00:17]} 17. Nh2 {[%emt 0:01:36]} Qg5 {[%emt 0:00:59]} 18. dxe5 {[%emt 0:18:44]} dxe5 {[%emt 0:01:05]} 19. Ne3 {[%emt 0:00:18]} Nf6 {[%emt 0:01:18]} 20. Qc2 {[%emt 0:01:37]} Nh5 {[%emt 0:08:09]} 21. Nhf1 {[%emt 0:00:16]} Ngf4 {[%emt 0:00:55]} 22. Rad1 {[%emt 0:04:08]} Be6 {[%emt 0:01:36]} 23. Bxe6 {[%emt 0:01:47]} fxe6 {[%emt 0:00:00]} 24. Rd7 {[%emt 0:07:46]} Rf7 {[%emt 0:01:38]} 25. Rxf7 {[%emt 0:04:18]} Kxf7 {[%emt 0:00:49]} 26. Qd1 {[%emt 0:03:14]} Nf6 {[%emt 0:00:56]} 27. Nc4 {[%emt 0:00:30]} Rh8 {[%emt 0:00:52]} 28. Qd2 {[%emt 0:01:51]} Qh6 {[%emt 0:03:28]} 29. Nh2 {[%emt 0:01:46]} Kg7 {[%emt 0:10:49]} 30. Rd1 {[%emt 0:00:38]} Bd4 {[%emt 0:06:22]} 31. cxd4 {[%emt 0:05:28]} Nxe4 {[%emt 0:00:07]} 32. Qe3 {[%emt 0:00:18]} Nxg3 {[%emt 0:00:16]} 33. Qxe5+ {[%emt 0:02:08]} Kg8 {[%emt 0:00:25]} 34. fxg3 {[%emt 0:00:10]} Qxh2+ {[%emt 0:00:05]} 35. Kf2 {[%emt 0:00:03]} Qxg2+ {[%emt 0:00:05]} 36. Ke3 {[%emt 0:00:07]} Nd5+ {[%emt 0:01:43]} 37. Kd3 {[%emt 0:00:06]} Nb4+ {[%emt 0:00:03]} 38. Ke3 {[%emt 0:00:09]} Qf3+ {[%emt 0:00:05]} 39. Kd2 {[%emt 0:00:06]} Qd3+ {[%emt 0:00:12]} 0-1

[Event "12th Asrian Memorial 2019"]
[Site "Yerevan"]
[Date "2019.06.19"]
[Round "9.13"]
[White "Yeritsyan, Hayk"]
[Black "Barseghyan, Armen Ar."]
[Result "1/2-1/2"]
[WhiteElo "2208"]
[BlackElo "2294"]
[Annotator "NA"]
[PlyCount "109"]
[EventDate "2019.06.11"]
[EventType "swiss"]
[EventCountry "ARM"]
[SourceTitle "playchess.com"]
[Source "ChessBase"]
[SourceQuality "1"]
[TimeControl "40/5400+30:1800+30"]

1. d4 {[%emt 0:00:00]} Nf6 {[%emt 0:00:00]} 2. c4 {[%emt 0:00:00]} c5 {[%emt 0:00:31]} 3. d5 {[%emt 0:00:16]} e6 {[%emt 0:00:16]} 4. Nc3 {[%emt 0:00:12]} exd5 {[%emt 0:00:10]} 5. cxd5 {[%emt 0:00:10]} d6 {[%emt 0:00:11]} 6. e4 {[%emt 0:00:10]} g6 {[%emt 0:00:19]} 7. f4 {[%emt 0:00:54]} Bg7 {[%emt 0:01:14]} 8. e5 {[%emt 0:02:34]} Nfd7 {[%emt 0:01:58]} 9. Nb5 {[%emt 0:00:31]} dxe5 {[%emt 0:00:12]} 10. Nd6+ {[%emt 0:00:13]} Ke7 {[%emt 0:00:06]} 11. Nxc8+ {[%emt 0:00:22]} Qxc8 {[%emt 0:00:05]} 12. Nf3 {[%emt 0:00:09]} Re8 {[%emt 0:04:39]} 13. f5 {[%emt 0:02:16]} Kf8 {[%emt 0:06:29]} 14. Ng5 {[%emt 0:01:24]} Nf6 {[%emt 0:06:17]} 15. fxg6 {[%emt 0:00:44]} hxg6 {[%emt 0:00:40]} 16. Bc4 {[%emt 0:06:40]} b5 {[%emt 0:25:43]} 17. Bxb5 {[%emt 0:00:11]} Rd8 {[%emt 0:00:10]} 18. O-O {[%emt 0:09:54]} c4 {[%emt 0:02:09]} 19. Qf3 {[%emt 0:05:18]} Kg8 {[%emt 0:00:39]} 20. Be3 {[%emt 0:06:00]} Qg4 {[%emt 0:07:26]} 21. h3 {[%emt 0:20:40]} Qxf3 {[%emt 0:01:20]} 22. Rxf3 {[%emt 0:01:03]} e4 {[%emt 0:01:47]} 23. Rf2 {[%emt 0:01:23]} Nxd5 {[%emt 0:02:19]} 24. Rd1 {[%emt 0:08:39]} Nc6 {[%emt 0:01:42]} 25. Rxd5 {[%emt 0:03:25]} Rxd5 {[%emt 0:00:03]} 26. Bxc6 {[%emt 0:00:10]} Rd1+ {[%emt 0:00:02]} 27. Kh2 {[%emt 0:00:05]} Rb8 {[%emt 0:00:22]} 28. Nxe4 {[%emt 0:13:29]} Be5+ {[%emt 0:09:44]} 29. Bf4 {[%emt 0:00:08]} Bxf4+ {[%emt 0:00:04]} 30. Rxf4 {[%emt 0:00:03]} Rxb2 {[%emt 0:00:08]} 31. Bd5 {[%emt 0:01:42]} c3 {[%emt 0:06:48]} 32. Nxc3 {[%emt 0:01:21]} Rdd2 {[%emt 0:00:08]} 33. Rg4 {[%emt 0:06:39]} Kg7 {[%emt 0:02:19]} 34. Na4 {[%emt 0:04:36]} f5 {[%emt 0:01:42]} 35. Rc4 {[%emt 0:00:04]} Rbc2 {[%emt 0:00:10]} 36. Rxc2 {[%emt 0:00:11]} Rxc2 {[%emt 0:00:01]} 37. Bb3 {[%emt 0:00:08]} Rd2 {[%emt 0:00:03]} 38. Kg3 {[%emt 0:01:12]} g5 {[%emt 0:01:25]} 39. Nc5 {[%emt 0:00:26]} Kf6 {[%emt 0:01:07]} 40. Kf3 {[%emt 0:00:00]} Ke5 {[%emt 0:00:00]} 41. g3 {[%emt 0:08:11]} a5 {[%emt 0:08:16]} 42. Ke3 {[%emt 0:00:49]} Rg2 {[%emt 0:03:06]} 43. Nd3+ {[%emt 0:00:17]} Kf6 {[%emt 0:00:18]} 44. Kf3 {[%emt 0:00:17]} Rd2 {[%emt 0:00:10]} 45. Ke3 {[%emt 0:01:00]} Rg2 {[%emt 0:00:07]} 46. Kf3 {[%emt 0:00:02]} Rd2 {[%emt 0:00:04]} 47. Nf2 {[%emt 0:02:02]} a4 {[%emt 0:01:30]} 48. Bxa4 {[%emt 0:00:30]} Rxa2 {[%emt 0:00:02]} 49. Bb5 {[%emt 0:00:17]} Ra3+ {[%emt 0:00:20]} 50. Bd3 {[%emt 0:01:41]} Ke5 {[%emt 0:01:54]} 51. Ke3 {[%emt 0:02:07]} Rb3 {[%emt 0:02:49]} 52. h4 {[%emt 0:01:19]} gxh4 {[%emt 0:01:42]} 53. gxh4 {[%emt 0:00:04]} Rb4 {[%emt 0:02:10]} 54. h5 {[%emt 0:00:03]} Rh4 {[%emt 0:00:03]} 55. Be2 {[%emt 0:00:03]} 1/2-1/2